Zayn Malik Filmography - Statistics

General Stats
  • This quiz has been taken 57 times
    13 since last reset
  • The average score is 5 of 15
Answer Stats
Type Year Name % Correct
Concert Film 2013 One Direction: This Is Us
83%
TV Show 2012 iCarly
67%
TV Show 2012 The X Factor
58%
TV Show 2010, 2014 The X Factor (UK)
58%
Concert Film 2014 One Direction: Where We Are - The Concert Film
42%
TV Show 2016 The Tonight Show Starring Jimmy Fallon
42%
Film 2024 10 Lives
25%
TV Show 2016 The Voice
25%
TV Mini-Series 2013 1D Day
17%
Documentary 2023 Louis Tomlinson: All of Those Voices
17%
Film 2018 Ocean's 8
17%
TV Special 2016 One Direction: The TV Special
17%
TV Show 2012, 2013 Saturday Night Live
17%
TV Show 2014 Sesame Street
8%
TV Show 2024 CBeebies Bedtime Story
0%
No matching quizzes found
Score Distribution
Percent of People with Each Score
Percentile by Number Answered
Your Score History
You have not taken this quiz since the last reset